[Event "ESP-chT Regional U14"]
[Site "Padron"]
[Date "2017.06.24"]
[Round "5.4"]
[White "Fernandez Carneiro, Ana"]
[Black "Fernandez Alvarez, Mario"]
[Result "1-0"]
[WhiteElo "1268"]
[BlackElo "1103"]
[PlyCount "59"]
[EventDate "2017.06.22"]
[EventType "team"]
[EventRounds "6"]
[EventCountry "ESP"]
[SourceTitle "EXT 2018"]
[Source "ChessBase"]
[SourceDate "2017.10.13"]
[SourceVersion "1"]
[SourceVersionDate "2017.10.13"]
[SourceQuality "1"]
[WhiteTeam "Galicia (U14)"]
[BlackTeam "La Rioja (U14)"]
[WhiteTeamCountry "ESP"]
[BlackTeamCountry "ESP"]

1. e4 e5 2. Nf3 Nc6 3. Bb5 a6 4. Ba4 Bb4 5. c3 Ba5 6. 0-0 Nge7 7. d3 b5 8. Bb3 h6 9. Be3 0-0 10. d4 Ng6 11. dxe5 Ncxe5 12. Nxe5 Nxe5 13. Qd5 Nc6 14. Bc5 Qe8 15. Bxf8 Qxf8 16. Nd2 Bb7 17. Nf3 Ne7 18. Qxb7 Rb8 19. Qxa6 Nc6 20. c4 Rb6 21. cxb5 Rxa6 22. bxa6 Qa8 23. Bc4 Nb4 24. Ne5 Qxe4 25. a7 Qa8 26. Nxf7 Kf8 27. Rad1 d5 28. a3 dxc4 29. Rd8+ Qxd8 30. Nxd8 1-0